000 00583nam a2200181 i 4500
001 76503
003 ES-MaACL
005 20240415143606.0
007 t|
008 041001s1917 sp ||||1| spa d
100 1 _aGuimerá, Ángel,
_d1845-1924
_960844
245 1 0 _aJesús que vuelve
_b: drama en tres actos /
_cAngel Guimerá ; traducido al castellano por Eduardo Marquina.
260 _aMadrid :
_b[s.n.,
_c1917] (
_fV. Rico)
300 _a276 p. ;
_c19 cm.
700 1 _aMarquina, Eduardo,
_d1879-1946
_977043
852 _aES-MaACL
_jF-5902
999 _c76503
_d76503